000 01015naa a2200241 4500
005 20110810145620.0
008 110810t xxu||||| |||| 00| 0 eng d
010 _aENG-103350
020 _c200.00
035 _aEN-86883
037 _bDBAD/PUB
040 _aDPL
_bEng
082 _a726.144
100 _932587
_aPrabhudesai,Yogesh S.
245 1 _aTemples of Kolhapur :
_cby Yogesh S Prabhudesai
_ban overview of the ancient art & architecture in Kolhapur /
260 _aKolhapur
_bSavitri Publications
_c2011
270 _aShop No-6, Vitthal-Rukmini Apptt,Opp-Mangaldham,Binkhambi Ganesh mandir road,
_bKolhapur ,Maharastha
300 _a111,16p. of plates.
_c22cm (pbk)
700 _932860
942 _adpl
_cEN
_2ddc
_mPRA
_h726.144
999 _c55468
_d55468